| 000 | 00433nam a2200133Ia 4500 | ||
|---|---|---|---|
| 008 | 191014s9999 xx 000 0 und d | ||
| 020 | _a978-981-4374-52-1 | ||
| 082 |
_a530.11 _bDAM |
||
| 100 |
_aThibault Damous, Robert T Jantzen _923957 |
||
| 245 | 0 | _aProceedings of the Thirteenth Marcel Grossmann Meeting on General Relativity (Part A) | |
| 260 |
_aNew Jersey _bWorld Scientific Company _c2012 |
||
| 300 | _aLx,754 | ||
| 942 | _cBK | ||
| 999 |
_c531106 _d531106 |
||